000 00930nam a2200265 i 4500
003 DO-SdBNP
005 20260202103257.0
007 ta
008 250716s1999 dr d 000 0 spa d
040 _aDO-SdBNP
_bspa
_cBNPHU
_erda
082 _axxx
_bU58
_222
110 2 _aUniversidad Tecnológica de Santiago, UTESA
_917473
245 1 0 _aDesarrollo y proyección /
_cpresentación, Príamo Rodríguez Castillo
264 1 _aSantiago de los Caballeros, República Dominicana :
_bUTESA,
_c1999.
300 _a144 páginas ;
_bgraficas
_c21 cm.
336 _atexto
_btxt
_2rdacontent
337 _asin mediación
_bn
_2rdamedia
338 _avolumen
_bnc
_2rdacarrier
590 _aInventariado, 2025/ YL
650 4 _aEducación católica
_zRepública Dominicana
_917474
650 0 _aIglesia y educación
_917475
700 1 _aRodríguez Castillo, Príamo
_dpresentación
_917476
_epr.
910 _aYLockward
942 _2ddc
_cLBS1
999 _c59551
_d59551